| 000 | 00795nam a2200253 a 4500 | ||
|---|---|---|---|
| 008 | |||
| 020 | _a0521373905 (cased.) | ||
| 049 | _aMAIN | ||
| 090 |
_aQA321.5 _bAMB |
||
| 100 | 1 | _aAmbrosetti, A. | |
| 245 | 1 | 2 |
_aA primer of nonlinear analysis / _cAntonio Ambrosetti, Giovanni Prodi. |
| 260 |
_aCambridge : _bCambridge University Press, _c1995. |
||
| 300 |
_aviii, 171 p. ; _c24 cm. |
||
| 440 | 0 |
_aCambridge studies in advanced mathematics ; _v34. |
|
| 504 | _aIncludes bibliographical references. | ||
| 500 | _aIncludes index. | ||
| 650 | 0 | _aNonlinear functional analysis. | |
| 700 | 1 | _aProdi, Giovanni. | |
| 907 |
_a.b10047621 _b13-09-12 _c17-04-03 |
||
| 003 | |||
| 005 | 20230123133612.0 | ||
| 040 | _cNUST | ||
| 942 |
_cBOOKS _kQA321.5 _mAMB |
||
| 999 |
_c151438 _d151438 |
||